000 01795cam a22005294i 4500
003 PE-LiUPU
005 20250731180156.0
008 150616s r 000 0 d
020 _a8429170391
035 _a(Sirsi) i9788429170399
040 _aPE-LiUPU
_bspa
_cPE-LiUPU
_erda
049 _aPRUA
082 0 4 _a541
_bB23
_221
100 1 _aBarrow, Gordon M.,
_eautor.
245 1 0 _aQuímica Física para las Ciencias de la Vida.
264 1 _aBarcelona :
_bEditoria Reverté,
_c1976.
300 _a459 páginas ;
_c21 centímetros
336 _atext
_2rdacontent
337 _aunmediated
_2rdamedia
338 _avolume
_2rdacarrier
504 _aBibliografía al final de cada capítulo.
505 0 _aMoléculas de los gases: Movimientos moleculares.- Moléculs en los cristales: estructuras moleculares.- Líquidos y movimientos y estructua de las moléculas de los líquidos.- Especies moleculares en disolución: reacciones ácido-base.
526 _aSEG44
526 _aSEG26
526 _aP159
526 _aP155
526 _aP154
526 _aP153
526 _aP150
526 _aP100
526 _aP31
526 _aP30
526 _aP26
526 _aP25
526 _aP24
526 _aP22
526 _aP15
526 _aP10
650 0 4 _aFISICO - QUIMICA.
910 _ajck
_bjvq
_cjck
942 _2ddc
_cBOOK
949 _a541 B23
_wDEWEY
_c1
_i41456
_lCCODEBUL1
_mBUL
_r0
_sY
_tBOOK
_u2015-6-16
_xINGENIERIA
_zUNKNOWN
_0COMPRA
_o.STAFF. Colección General
994 _aC0
_bPEPRU
596 _a1
999 _a541 B23
_wDEWEY
_c59173
_i41456
_f2021-11-5
_g7
_lCCODEBUL1
_mBUL
_r0
_sN
_tBOOK
_u2015-6-16
_xBIBLIOTECA
_zUNKNOWN
_0COMPRA
_o.STAFF. Colección General
_d59173
980 _81
_gALBERTO SANCHEZ Responsable de Automatización